[Event "XI Festival A"]
[Site "Verona ITA"]
[Date "2005.01.06"]
[Round "6"]
[White "Delizia, Costantino"]
[Black "D'Innocente, Stefano"]
[Result "1-0"]
[WhiteElo "2152"]
[BlackElo "2280"]
[PlyCount "117"]
[EventDate "2005.01.02"]

1. e4 Nf6 2. e5 Nd5 3. d4 d6 4. Nf3 Nb6 5. c4 g6 6. Be2 Bg7 7. O-O O-O 8. exd6
cxd6 9. Nc3 Bg4 10. h3 Bxf3 11. Bxf3 Nc6 12. c5 dxc5 13. dxc5 Nd7 14. Be3 Bxc3
15. bxc3 Qc7 16. Qb3 Rac8 17. Rfd1 Na5 18. Qb4 Nxc5 19. Qxc5 Qxc5 20. Bxc5 Rxc5
21. Rd7 Rfc8 22. Rxe7 R8c7 23. Rxc7 Rxc7 24. Rc1 Kg7 25. Kf1 f5 26. g3 Kf6 27.
h4 b5 28. Bd5 Rd7 29. Rd1 Nc4 30. Rd4 Nb6 31. Bc6 Rxd4 32. cxd4 b4 33. Ke2 a5
34. Kd3 Ke6 35. Bb5 Kd5 36. Be8 Ke6 37. Bb5 h6 38. f4 Kf6 39. Bc6 g5 40. fxg5+
hxg5 41. h5 a4 42. Kc2 g4 43. d5 Kg5 44. d6 Kxh5 45. Bxa4 f4 46. d7 Nxd7 47.
Bxd7 fxg3 48. Bc6 Kh4 49. Bg2 Kg5 50. Kd3 Kf4 51. Kd4 Kf5 52. Kd3 Kf4 53. Ke2
Kf5 54. Bb7 Kf4 55. Kf1 Ke5 56. Kg2 Kd4 57. Kxg3 Kc4 58. Bc8 Kb5 59. Be6 1-0

[Event "XI Festival A"]
[Site "Verona ITA"]
[Date "2005.01.06"]
[Round "6"]
[White "Facchetti, Gianni"]
[Black "Danieli, Enrico"]
[Result "0-1"]
[WhiteElo "2162"]
[BlackElo "2150"]
[PlyCount "64"]
[EventDate "2005.01.02"]

1. e4 d5 2. exd5 Nf6 3. d4 Nxd5 4. Be2 g6 5. Bf3 Bg7 6. Ne2 O-O 7. c3 c6 8. O-O
Nd7 9. Ng3 e5 10. Bxd5 cxd5 11. dxe5 Nxe5 12. Na3 Be6 13. Nc2 h5 14. Ne2 h4 15.
f4 Qb6+ 16. Ncd4 Nc6 17. h3 Bf5 18. Kh2 Nxd4 19. Nxd4 Bxd4 20. cxd4 Rfe8 21. b3
Re4 22. Bb2 Rae8 23. Rf2 Qe6 24. Qd2 Qa6 25. Qb4 Re2 26. Rxe2 Qxe2 27. Bc3 Qf2
28. Be1 Qxf4+ 29. Kg1 Re2 30. Qb5 Qe4 31. Bf2 Rxf2 32. Kxf2 Qxd4+ 0-1

[Event "XI Festival A"]
[Site "Verona ITA"]
[Date "2005.01.06"]
[Round "6"]
[White "Godena, Michele"]
[Black "Mrdja, Milan"]
[Result "1-0"]
[WhiteElo "2544"]
[BlackElo "2395"]
[PlyCount "83"]
[EventDate "2005.01.02"]

1. e4 d5 2. exd5 Qxd5 3. Nc3 Qa5 4. d4 Nf6 5. Nf3 c6 6. Bc4 Bf5 7. Bd2 e6 8.
Qe2 Bb4 9. a3 Nbd7 10. O-O Bxc3 11. Bxc3 Qc7 12. Rfd1 O-O 13. h3 Rfd8 14. Rac1
Rac8 15. Ba2 h6 16. Be1 c5 17. c4 b6 18. b4 Be4 19. Bc3 cxb4 20. axb4 Qb7 21.
b5 a6 22. bxa6 Qxa6 23. Ne5 Qb7 24. Nxd7 Nxd7 25. d5 Nc5 26. Qg4 f5 27. Qg3 Kh7
28. f3 Bd3 29. Bd4 exd5 30. cxd5 Rd7 31. d6 Rcd8 32. Bxc5 bxc5 33. Rxd3 Qb2 34.
Qf4 Qxa2 35. Qxf5+ Kh8 36. Qxc5 Rb7 37. Qd5 Qb2 38. Rcd1 Rbd7 39. Qe6 Qb6+ 40.
Kh1 Qb4 41. Qg6 Kg8 42. Re3 1-0

[Event "XI Festival A"]
[Site "Verona ITA"]
[Date "2005.01.06"]
[Round "6"]
[White "Lazic, Miroljub"]
[Black "Horvath, Jozsef"]
[Result "1/2-1/2"]
[WhiteElo "2517"]
[BlackElo "2514"]
[PlyCount "27"]
[EventDate "2005.01.02"]

1. Nf3 Nf6 2. b3 g6 3. Bb2 Bg7 4. d4 d5 5. e3 O-O 6. Nbd2 Nbd7 7. c4 c5 8. dxc5
Nxc5 9. b4 Ne6 10. Qb3 a5 11. a3 axb4 12. axb4 Rxa1+ 13. Bxa1 Ne4 14. Bxg7
1/2-1/2

[Event "XI Festival A"]
[Site "Verona ITA"]
[Date "2005.01.06"]
[Round "6"]
[White "Lettieri, Giuseppe"]
[Black "Guido, Flavio"]
[Result "1-0"]
[WhiteElo "2202"]
[BlackElo "2342"]
[PlyCount "67"]
[EventDate "2005.01.02"]

1. d4 Nf6 2. c4 e6 3. Nc3 Bb4 4. f3 d5 5. a3 Bxc3+ 6. bxc3 c5 7. cxd5 Nxd5 8.
dxc5 Qa5 9. e4 Nf6 10. Be3 O-O 11. Qb3 Nc6 12. Bb5 Qc7 13. Bxc6 Qxc6 14. Ne2 e5
15. Rb1 Rb8 16. c4 Be6 17. Nc3 Rfc8 18. Nd5 Kf8 19. O-O Nd7 20. Qc3 f6 21. f4
exf4 22. Rxf4 Bf7 23. Rbf1 Re8 24. Bd4 Re6 25. e5 Nxc5 26. exf6 g6 27. Qg3 Nd7
28. Qg5 Qxc4 29. Bxa7 Re4 30. Rxe4 Qxe4 31. Nc3 Qe6 32. Bxb8 Nxb8 33. Qh6+ Ke8
34. Qd2 1-0

[Event "XI Festival A"]
[Site "Verona ITA"]
[Date "2005.01.06"]
[Round "6"]
[White "Martinez, Rolly"]
[Black "Stojanovic, Mihajlo"]
[Result "1/2-1/2"]
[WhiteElo "2416"]
[BlackElo "2515"]
[PlyCount "36"]
[EventDate "2005.01.02"]

1. e4 e6 2. d4 d5 3. Nd2 Bd7 4. Ngf3 dxe4 5. Nxe4 Bc6 6. Bd3 Nd7 7. O-O Ngf6 8.
Ng3 Be7 9. c4 Bxf3 10. Qxf3 c6 11. b3 O-O 12. Bb2 Qa5 13. a3 b5 14. Bc3 Qb6 15.
Rfe1 Rfe8 16. Ne4 a5 17. a4 bxc4 18. bxc4 Qc7 1/2-1/2

[Event "XI Festival A"]
[Site "Verona ITA"]
[Date "2005.01.06"]
[Round "6"]
[White "Masullo, Andrea"]
[Black "Perryman, Marcus"]
[Result "1-0"]
[WhiteElo "2133"]
[BlackElo "2077"]
[PlyCount "63"]
[EventDate "2005.01.02"]

1. e4 c5 2. c3 d5 3. exd5 Qxd5 4. d4 e5 5. Nf3 Bg4 6. Be2 cxd4 7. cxd4 e4 8.
Ne5 Bxe2 9. Qxe2 Nf6 10. Be3 Bb4+ 11. Nc3 O-O 12. O-O Qe6 13. Qb5 Bxc3 14. bxc3
Nbd7 15. Nxd7 Qxd7 16. Rab1 b6 17. Bg5 Rfd8 18. Rfe1 Qxb5 19. Rxb5 Rd5 20. Rxd5
Nxd5 21. c4 h6 22. Bxh6 Nf6 23. Bg5 Rc8 24. Bxf6 gxf6 25. Rc1 Kf8 26. Kf1 Ke7
27. Ke2 f5 28. Ke3 Ke6 29. g3 b5 30. c5 a5 31. h4 Kd5 32. c6 1-0

[Event "XI Festival A"]
[Site "Verona ITA"]
[Date "2005.01.06"]
[Round "6"]
[White "Miatello, Alberto"]
[Black "Astengo, Corrado"]
[Result "1-0"]
[WhiteElo "2080"]
[BlackElo "2139"]
[PlyCount "57"]
[EventDate "2005.01.02"]

1. e4 c5 2. Nf3 d6 3. d4 cxd4 4. Nxd4 Nf6 5. Nc3 a6 6. Bc4 e6 7. Bb3 Nbd7 8.
Bg5 Qa5 9. Qd2 Be7 10. O-O-O Nc5 11. f3 Bd7 12. Kb1 b5 13. Bxf6 gxf6 14. Rhe1
O-O-O 15. Nd5 Nxb3 16. Nxe7+ Kc7 17. cxb3 Qxd2 18. Rxd2 Rde8 19. Rc1+ Kb7 20.
Ndc6 Rxe7 21. Nxe7 Re8 22. Nf5 exf5 23. Rxd6 Re7 24. Rxf6 fxe4 25. fxe4 Rxe4
26. Rxf7 Rd4 27. Rxh7 Kb6 28. Rf1 Bc6 29. Rh6 1-0

[Event "XI Festival A"]
[Site "Verona ITA"]
[Date "2005.01.06"]
[Round "6"]
[White "Opacic, Alexandar"]
[Black "Padovani, Alessio"]
[Result "1-0"]
[WhiteElo "2140"]
[BlackElo "2091"]
[PlyCount "61"]
[EventDate "2005.01.02"]

1. e4 d5 2. exd5 Qxd5 3. Nc3 Qa5 4. d4 Nf6 5. Nf3 Bf5 6. Bd3 Bg4 7. h3 Qh5 8.
Be2 e6 9. Ne5 Bxe2 10. Nxe2 Nbd7 11. g4 Nxg4 12. Ng3 Qh4 13. hxg4 Qe7 14. Nxd7
Qxd7 15. Qe2 O-O-O 16. Be3 Qd5 17. Rh5 Qc6 18. O-O-O Bd6 19. Nf1 a6 20. Nd2 Be7
21. Qf3 Qe8 22. Rdh1 f6 23. Qe4 Rd6 24. Nc4 Rc6 25. d5 exd5 26. Rxd5 Qf7 27.
Rhd1 Re6 28. Qd4 b6 29. Rd7 Qg8 30. Qd5 Kb8 31. Bxb6 1-0

[Event "XI Festival A"]
[Site "Verona ITA"]
[Date "2005.01.06"]
[Round "6"]
[White "Pechy, Alaster"]
[Black "Guglielmi, Dante"]
[Result "1/2-1/2"]
[WhiteElo "2176"]
[BlackElo "2113"]
[PlyCount "53"]
[EventDate "2005.01.02"]

1. c4 Nf6 2. Nc3 g6 3. d4 Bg7 4. e4 d6 5. f3 O-O 6. Be3 Nbd7 7. Qd2 c5 8. Nge2
Nb6 9. b3 cxd4 10. Nxd4 Re8 11. Be2 a6 12. O-O Nbd7 13. Rab1 Ne5 14. Rfc1 Bd7
15. h3 Nc6 16. b4 Rc8 17. Nxc6 bxc6 18. a4 Be6 19. a5 Nd7 20. Na4 f5 21. c5
dxc5 22. bxc5 fxe4 23. fxe4 Nf6 24. Qc2 Qxa5 25. Nb6 Qa3 26. Bd4 Rcd8 27. Bc4
1/2-1/2

[Event "XI Festival A"]
[Site "Verona ITA"]
[Date "2005.01.06"]
[Round "6"]
[White "Shytaj, Luca"]
[Black "Salvador, Roland"]
[Result "1-0"]
[WhiteElo "2341"]
[BlackElo "2340"]
[PlyCount "82"]
[EventDate "2005.01.02"]

1. e4 c5 2. Nf3 Nc6 3. Nc3 Nf6 4. Bb5 e5 5. Bxc6 dxc6 6. Nxe5 Nxe4 7. Nxe4 Qd4
8. d3 Qxe5 9. f4 Qc7 10. Qf3 Bd7 11. f5 O-O-O 12. O-O Bd6 13. Bf4 Bxf4 14. Qxf4
Be8 15. Qxc7+ Kxc7 16. Nxc5 Rd5 17. Ne4 f6 18. Nc3 Rd7 19. Rae1 Bf7 20. Rf4 Re8
21. Rxe8 Bxe8 22. Rh4 h6 23. Re4 Bf7 24. g4 b5 25. Kf2 a5 26. a3 Kb6 27. Ke3 c5
28. h4 Kc6 29. b3 Rc7 30. a4 b4 31. Nd1 Bd5 32. Re8 Bf7 33. Ra8 Re7+ 34. Kf2 h5
35. gxh5 Kd5 36. h6 gxh6 37. Rxa5 Bh5 38. Ne3+ Kd4 39. Ra8 Bf7 40. Rc8 Kc3 41.
Rxc5+ Kd2 1-0

[Event "XI Festival A"]
[Site "Verona ITA"]
[Date "2005.01.06"]
[Round "6"]
[White "Skembris, Spyridon"]
[Black "Popa, Florin"]
[Result "1-0"]
[WhiteElo "2445"]
[BlackElo "2216"]
[PlyCount "85"]
[EventDate "2005.01.02"]

1. d4 g6 2. e4 Bg7 3. Nc3 c6 4. Nf3 d5 5. Bd3 dxe4 6. Nxe4 Nd7 7. Qe2 Ndf6 8.
Ng3 Bg4 9. c3 Qd5 10. Bc4 Bxf3 11. gxf3 Qd7 12. h4 h5 13. Bg5 Nh7 14. O-O-O b5
15. Bb3 Ngf6 16. f4 Nd5 17. f5 Nxg5 18. hxg5 O-O-O 19. Qe4 Qd6 20. Rh4 a5 21.
Re1 Rhe8 22. fxg6 fxg6 23. Qe6+ Qxe6 24. Rxe6 Rd6 25. Bxd5 cxd5 26. Rxd6 exd6
27. Kd2 Rf8 28. f4 Kd7 29. f5 gxf5 30. Nxh5 Rh8 31. Rh3 Kc6 32. Nf4 Re8 33. Rh7
Rg8 34. Ne6 Bh8 35. Re7 Rg6 36. Ke3 b4 37. Kf4 Rg8 38. cxb4 axb4 39. Kxf5 Ra8
40. Rh7 Bxd4 41. Nxd4+ Kc5 42. Ne6+ Kc4 43. Rh4+ 1-0

[Event "XI Festival A"]
[Site "Verona ITA"]
[Date "2005.01.06"]
[Round "6"]
[White "Vocaturo, Daniele"]
[Black "Trabert, Bettina"]
[Result "1-0"]
[WhiteElo "2276"]
[BlackElo "2357"]
[PlyCount "55"]
[EventDate "2005.01.02"]

1. e4 e5 2. Nf3 Nc6 3. d4 exd4 4. Bc4 Nf6 5. e5 Ng4 6. Qe2 Qe7 7. Bf4 f6 8.
exf6 gxf6 9. Nbd2 d6 10. Nb3 Nce5 11. O-O Nxc4 12. Qxc4 Ne5 13. Bxe5 fxe5 14.
Nbxd4 Bg7 15. Rfe1 Rf8 16. Qb5+ Qd7 17. Ne6 Qxb5 18. Nxc7+ Kd7 19. Nxb5 Kc6 20.
a4 Bg4 21. Ra3 Bxf3 22. gxf3 Rg8 23. Kf1 d5 24. Rc3+ Kb6 25. Nc7 Rad8 26. a5+
Kxa5 27. Rb3 b5 28. Rxb5+ 1-0

[Event "XI Festival A"]
[Site "Verona ITA"]
[Date "2005.01.07"]
[Round "7"]
[White "Astengo, Corrado"]
[Black "Opacic, Alexandar"]
[Result "1/2-1/2"]
[WhiteElo "2139"]
[BlackElo "2140"]
[PlyCount "193"]
[EventDate "2005.01.02"]

1. e4 c5 2. Nf3 d6 3. d4 cxd4 4. Nxd4 Nf6 5. Nc3 Nc6 6. Bc4 e6 7. O-O Be7 8.
Be3 Bd7 9. Bb3 a6 10. h3 Qc7 11. f4 O-O 12. f5 Nxd4 13. Bxd4 b5 14. fxe6 fxe6
15. a3 Kh8 16. Qe2 Rae8 17. Rad1 e5 18. Be3 Bc6 19. Bg5 Ng8 20. Bxe7 Nxe7 21.
Qg4 Ng6 22. Kh2 Nf4 23. g3 Ng6 24. h4 Ne7 25. Qe2 Ng8 26. Rxf8 Rxf8 27. Rf1 Nf6
28. Kg2 Rd8 29. Rd1 Qb7 30. Bd5 Bxd5 31. Nxd5 Nxd5 32. Rxd5 Qb6 33. Qd2 h6 34.
Qf2 Qxf2+ 35. Kxf2 Kg8 36. Ke3 Kf7 37. Kd3 Ke6 38. a4 Rf8 39. axb5 axb5 40. Ke2
Rb8 41. Kd3 Kd7 42. Ke3 Kc6 43. Rd3 Rf8 44. Rc3+ Kb6 45. Rd3 Rf6 46. Rc3 Rf8
47. Rd3 Kc7 48. Ra3 Kb6 49. Rd3 Rd8 50. h5 b4 51. Rd1 Rd7 52. Rf1 Kc5 53. Rf8
Rc7 54. Rd8 Ra7 55. Rc8+ Kb6 56. Kd3 Rf7 57. Ke2 Rf6 58. Rg8 Rf7 59. Rd8 Kc5
60. Ke3 Re7 61. Kd3 Rb7 62. Rc8+ Kb5 63. Rd8 Kc5 64. Rc8+ Kb5 65. Rd8 Rf7 66.
Rxd6 Rf3+ 67. Ke2 Rxg3 68. Rd5+ Kc4 69. Rxe5 Rg2+ 70. Kd1 Kd4 71. Rb5 Ke3 72.
c3 bxc3 73. bxc3 Kxe4 74. Ke1 Ke3 75. Kf1 Rg4 76. Rf5 Kd3 77. Rf3+ Ke4 78. Kf2
Rg5 79. Rg3 Rf5+ 80. Kg2 Rf7 81. Kh3 Kd5 82. Re3 Rc7 83. Kg4 Rc4+ 84. Kf5 Rh4
85. Kg6 Rg4+ 86. Kf7 Rg5 87. Rh3 Ke5 88. Rh4 Kd5 89. Ra4 Rg3 90. Ra6 Rg5 91.
Ra5+ Kc4 92. Rxg5 hxg5 93. Kxg7 g4 94. h6 g3 95. h7 g2 96. h8=Q g1=Q+ 97. Kf8
1/2-1/2

[Event "XI Festival A"]
[Site "Verona ITA"]
[Date "2005.01.07"]
[Round "7"]
[White "Buchicchio, Giampaolo"]
[Black "Lettieri, Giuseppe"]
[Result "1-0"]
[WhiteElo "2288"]
[BlackElo "2202"]
[PlyCount "113"]
[EventDate "2005.01.02"]

1. e4 c5 2. c3 d6 3. d4 Nf6 4. dxc5 Nc6 5. f3 d5 6. exd5 Nxd5 7. Bc4 e6 8. Bxd5
exd5 9. Be3 Be7 10. Ne2 O-O 11. O-O Re8 12. Re1 Bh4 13. Ng3 Bf6 14. Bf2 Rxe1+
15. Qxe1 Be6 16. Nd2 Be5 17. Nb3 Qh4 18. Na5 Qg5 19. Nxc6 bxc6 20. Be3 Qh4 21.
Qf2 g5 22. Rd1 Rb8 23. Bd4 Bc7 24. Re1 Qf4 25. Nf1 g4 26. Be3 Qf6 27. f4 d4 28.
Bxd4 Qxf4 29. Qxf4 Bxf4 30. b3 a5 31. g3 Bg5 32. Re2 a4 33. bxa4 Ra8 34. Rb2 h5
35. Rb4 Bxa2 36. Ne3 Bxe3+ 37. Bxe3 Bd5 38. Bf4 Kg7 39. Bc7 Re8 40. Kf2 Bf3 41.
Rb2 Bd1 42. a5 Re4 43. Rd2 Bb3 44. Rd4 Rxd4 45. cxd4 Bc4 46. Ke3 Kf6 47. Kf4
Bb5 48. Bd8+ Ke6 49. Kg5 f5 50. Bc7 Be2 51. Be5 Bd3 52. Kxh5 Ba6 53. Kg6 Bd3
54. Kg7 Ke7 55. Bd6+ Ke6 56. Kf8 Kd5 57. Be5 1-0

[Event "XI Festival A"]
[Site "Verona ITA"]
[Date "2005.01.07"]
[Round "7"]
[White "Caruso, Augusto"]
[Black "Shytaj, Luca"]
[Result "1/2-1/2"]
[WhiteElo "2214"]
[BlackElo "2341"]
[PlyCount "135"]
[EventDate "2005.01.02"]

1. Nc3 c5 2. Nf3 Nf6 3. d4 cxd4 4. Nxd4 d6 5. Bg5 Nbd7 6. Qd2 a6 7. g3 e6 8.
Bg2 Be7 9. O-O O-O 10. h3 Qc7 11. Rfd1 Ne5 12. Qe1 Bd7 13. Ne4 Rfd8 14. b3 Nc6
15. c4 Nxe4 16. Bxe7 Nxe7 17. Bxe4 e5 18. Nf3 Bxh3 19. Bxh7+ Kxh7 20. Ng5+ Kg8
21. Nxh3 b5 22. Rac1 bxc4 23. Rxc4 Qd7 24. Ng5 d5 25. Nf3 f6 26. Qc3 Rac8 27.
Rc5 Rxc5 28. Qxc5 Rc8 29. Qa3 e4 30. Nd4 Kf7 31. Kg2 Nc6 32. Nxc6 Qxc6 33. Qa5
Ke6 34. Qb4 Qb5 35. Qd4 Qc5 36. Qd2 g5 37. f3 exf3+ 38. Kxf3 Qc3+ 39. Qxc3
Rxc3+ 40. Rd3 Rc2 41. a3 f5 42. b4 g4+ 43. Kf2 Ra2 44. Re3+ Kd6 45. Rd3 Ke5 46.
Re3+ Kd4 47. Rd3+ Ke5 48. Re3+ Kd6 49. Rd3 Kc6 50. Rc3+ Kd7 51. Rc5 Rxa3 52.
Rxd5+ Ke6 53. Ra5 Rxa5 54. bxa5 Kd5 55. Ke3 Ke5 56. Kf2 Kd4 57. Kf1 Kc5 58. Kf2
Kb5 59. Ke3 Kxa5 60. Kf4 Kb6 61. Kxf5 a5 62. e4 a4 63. e5 Kc7 64. Kg6 a3 65. e6
Kd6 66. Kf7 a2 67. e7 a1=Q 68. e8=Q 1/2-1/2

[Event "XI Festival A"]
[Site "Verona ITA"]
[Date "2005.01.07"]
[Round "7"]
[White "Cocchi, Andrea"]
[Black "Miatello, Alberto"]
[Result "1-0"]
[WhiteElo "2290"]
[BlackElo "2080"]
[PlyCount "63"]
[EventDate "2005.01.02"]

1. Nf3 Nf6 2. c4 g6 3. Nc3 Bg7 4. g3 O-O 5. Bg2 d6 6. O-O e5 7. d4 Nbd7 8. e4
c6 9. h3 Qb6 10. c5 dxc5 11. dxe5 Ne8 12. e6 fxe6 13. Ng5 Nc7 14. f4 Bd4+ 15.
Kh2 Nf6 16. e5 Nfd5 17. Nce4 h6 18. Nf3 Rf7 19. Qc2 Nb4 20. Qd1 Ncd5 21. a3 Qa6
22. Nxd4 cxd4 23. Nc5 Qa5 24. Nb3 Qb6 25. axb4 Nxb4 26. Qxd4 Qxd4 27. Nxd4 c5
28. Nb5 a6 29. Nd6 Rc7 30. Bd2 Nc6 31. Rac1 Nd4 32. Ba5 1-0

[Event "XI Festival A"]
[Site "Verona ITA"]
[Date "2005.01.07"]
[Round "7"]
[White "D'Innocente, Stefano"]
[Black "Bertani, Gianfranco"]
[Result "1-0"]
[WhiteElo "2280"]
[BlackElo "2123"]
[PlyCount "83"]
[EventDate "2005.01.02"]

1. e4 c5 2. Nf3 d6 3. d4 cxd4 4. Qxd4 Nc6 5. Bb5 a6 6. Bxc6+ bxc6 7. O-O c5 8.
Qd3 g6 9. Nc3 Bg7 10. Bg5 f6 11. Bh4 Nh6 12. Rad1 Nf7 13. Nd5 O-O 14. Rfe1 Rb8
15. b3 a5 16. Nd2 Ne5 17. Qe3 e6 18. Nc3 Rb4 19. a3 Rd4 20. f4 Ng4 21. Qe2 e5
22. h3 Nh6 23. Nb5 g5 24. Nxd4 cxd4 25. fxg5 fxg5 26. Bg3 Bf6 27. Nc4 g4 28.
Qd2 Bg5 29. Qxa5 Be3+ 30. Kh2 Qe8 31. Nxe3 dxe3 32. h4 Rf2 33. Rxe3 Rxc2 34.
Rxd6 Nf7 35. Rd2 Rc1 36. Red3 Qc6 37. Qd5 Qf6 38. Rf2 Qg6 39. Qxf7+ Qxf7 40.
Rd8+ Kg7 41. Bxe5+ Kg6 42. h5+ 1-0

[Event "XI Festival A"]
[Site "Verona ITA"]
[Date "2005.01.07"]
[Round "7"]
[White "Danieli, Enrico"]
[Black "Salvador, Roland"]
[Result "0-1"]
[WhiteElo "2150"]
[BlackElo "2340"]
[PlyCount "64"]
[EventDate "2005.01.02"]

1. d4 d5 2. Nf3 Nf6 3. e3 a6 4. Bd3 Bg4 5. b3 Nc6 6. Bb2 e6 7. Nbd2 Bd6 8. h3
Bh5 9. O-O e5 10. dxe5 Nxe5 11. Be2 Qe7 12. Nxe5 Bxe2 13. Qxe2 Bxe5 14. Bxe5
Qxe5 15. c4 O-O 16. cxd5 Nxd5 17. Nf3 Qe7 18. Qc4 c6 19. Rad1 Rae8 20. Rd4 f5
21. Re1 Qf6 22. e4 fxe4 23. Rdxe4 Rxe4 24. Qxe4 Nf4 25. Kh2 h6 26. Qe7 Qg6 27.
Nh4 Qc2 28. Qe3 Kh8 29. Qe7 Kg8 30. Re3 Qxf2 31. Rf3 Qd4 32. g4 g5 0-1

[Event "XI Festival A"]
[Site "Verona ITA"]
[Date "2005.01.07"]
[Round "7"]
[White "Guglielmi, Dante"]
[Black "Facchetti, Gianni"]
[Result "0-1"]
[WhiteElo "2113"]
[BlackElo "2162"]
[PlyCount "112"]
[EventDate "2005.01.02"]

1. c4 Nf6 2. Nc3 d6 3. g3 e5 4. Bg2 Nbd7 5. e3 Be7 6. Nge2 c6 7. O-O Qc7 8. b4
O-O 9. d3 Re8 10. b5 Nf8 11. bxc6 bxc6 12. Nb5 Qd7 13. d4 e4 14. Nbc3 d5 15.
Qa4 a5 16. cxd5 cxd5 17. Qxd7 Bxd7 18. Nf4 Bc6 19. Bd2 g5 20. Nfe2 Reb8 21.
Rfb1 N8d7 22. Rb3 a4 23. Rxb8+ Rxb8 24. Rb1 Rxb1+ 25. Nxb1 Nb6 26. Nbc3 Nc4 27.
Bc1 Bb4 28. f3 exf3 29. Bxf3 Kg7 30. Kf2 Kg6 31. h4 h6 32. hxg5 hxg5 33. Kg1
Kf5 34. Kf2 Ng4+ 35. Bxg4+ Kxg4 36. e4 dxe4 37. d5 e3+ 38. Bxe3 Bb7 39. Ne4
Nxe3 40. Kxe3 f5 41. Nf2+ Kh5 42. Nd3 Bd6 43. Kd4 Ba6 44. Ke3 Bc4 45. Nb2 Bxd5
46. Nxa4 Bxa2 47. Nac3 Bc4 48. Kf3 Be5 49. Kf2 Kg4 50. Kg2 Ba6 51. Kf2 Bd6 52.
Nd1 Bc5+ 53. Kf1 Bxe2+ 54. Kxe2 Kxg3 55. Nc3 Kg2 56. Ke1 Bb4 0-1

[Event "XI Festival A"]
[Site "Verona ITA"]
[Date "2005.01.07"]
[Round "7"]
[White "Guido, Flavio"]
[Black "Sbarra, Marco"]
[Result "1/2-1/2"]
[WhiteElo "2342"]
[BlackElo "2204"]
[PlyCount "103"]
[EventDate "2005.01.02"]

1. e4 e5 2. Nf3 Nc6 3. Bc4 Nf6 4. d3 Be7 5. O-O O-O 6. Bb3 d6 7. c3 Na5 8. Bc2
c5 9. Nbd2 Nc6 10. Re1 Re8 11. Nf1 h6 12. Ng3 Bf8 13. h3 d5 14. Qe2 g6 15. Nh2
b6 16. Ba4 Bb7 17. Ng4 dxe4 18. dxe4 Nxg4 19. Qxg4 Bg7 20. Rd1 Qf6 21. Rd3 c4
22. Rd5 Red8 23. Rxd8+ Rxd8 24. Be3 Bc8 25. Qe2 Na5 26. b4 cxb3 27. axb3 Be6
28. c4 Qe7 29. Bd2 Bf8 30. Nf1 Qd6 31. Bc3 Qd3 32. Qxd3 Rxd3 33. Bxe5 Nxb3 34.
Bxb3 Rxb3 35. Rxa7 Rb1 36. Ra1 Rxa1 37. Bxa1 Bxc4 38. Ne3 Be6 39. Bd4 b5 40.
Kf1 Ba3 41. Ke2 Kf8 42. Kd3 Ke7 43. Nc2 Bc1 44. Bc5+ Kf6 45. h4 Bc4+ 46. Kd4 g5
47. hxg5+ Kxg5 48. g3 Kg4 49. Bd6 Bb2+ 50. Ke3 Bc1+ 51. Kd4 Bb2+ 52. Ke3
1/2-1/2

[Event "XI Festival A"]
[Site "Verona ITA"]
[Date "2005.01.07"]
[Round "7"]
[White "Horvath, Jozsef"]
[Black "Martinez, Rolly"]
[Result "1/2-1/2"]
[WhiteElo "2514"]
[BlackElo "2416"]
[PlyCount "31"]
[EventDate "2005.01.02"]

1. c4 e5 2. g3 Nc6 3. Bg2 g6 4. Nc3 Bg7 5. d3 d6 6. e4 Be6 7. Nge2 Qd7 8. Nd5
Nce7 9. O-O c6 10. Ndc3 h5 11. h4 Nh6 12. b3 Bh3 13. d4 f6 14. dxe5 dxe5 15.
Qxd7+ Bxd7 16. Be3 1/2-1/2

[Event "XI Festival A"]
[Site "Verona ITA"]
[Date "2005.01.07"]
[Round "7"]
[White "Luther, Thomas"]
[Black "Capitelli, Paolo"]
[Result "1-0"]
[WhiteElo "2543"]
[BlackElo "2161"]
[PlyCount "123"]
[EventDate "2005.01.02"]

1. e4 c5 2. Nf3 e6 3. d4 cxd4 4. Nxd4 Nf6 5. Nc3 Nc6 6. Ndb5 Bb4 7. a3 Bxc3+ 8.
Nxc3 d5 9. Bd3 d4 10. Ne2 e5 11. O-O O-O 12. Ng3 Be6 13. h3 Nd7 14. f4 exf4 15.
Rxf4 Nde5 16. Qh5 Ng6 17. Rf2 Nce5 18. Nf5 Rc8 19. Bd2 a5 20. Raf1 f6 21. b4 b6
22. Ba6 Ra8 23. Nxg7 Kxg7 24. Bh6+ Kh8 25. Bxf8 Qxf8 26. Bb7 Rb8 27. Rxf6 Qe7
28. Bd5 Bxd5 29. exd5 axb4 30. Re6 Qg7 31. axb4 d3 32. cxd3 Nxd3 33. Qg4 Nde5
34. Qg5 Rg8 35. Rxb6 Qa7 36. Qf6+ Rg7 37. Qd8+ Rg8 38. Qf6+ Rg7 39. Rc1 Ne7 40.
Kh1 Nd7 41. Ra6 Qb7 42. Qa1 Qxd5 43. Qa2 Qg5 44. Rf1 Ng8 45. Ra7 Qb5 46. Rd1
Ngf6 47. Qb2 h6 48. Ra8+ Ng8 49. Ra5 Qb7 50. Rf5 Ndf6 51. Rf3 Ne4 52. b5 Ng5
53. Rg3 Qc7 54. Qc3 Qxc3 55. Rxc3 Ne4 56. Rc2 Rb7 57. Rb1 Ngf6 58. b6 Nd5 59.
Rc6 Ndc3 60. Ra1 Rxb6 61. Ra8+ Kg7 62. Ra7+ 1-0

[Event "XI Festival A"]
[Site "Verona ITA"]
[Date "2005.01.07"]
[Round "7"]
[White "Ortega, Lexy"]
[Black "Delizia, Costantino"]
[Result "1-0"]
[WhiteElo "2445"]
[BlackElo "2152"]
[PlyCount "95"]
[EventDate "2005.01.02"]

1. d4 e6 2. Nf3 Nf6 3. e3 c5 4. c4 cxd4 5. exd4 d5 6. Nc3 Be7 7. cxd5 Nxd5 8.
Bd3 O-O 9. O-O Nc6 10. Re1 Ncb4 11. Bb1 b6 12. Ne5 Bb7 13. a3 Nxc3 14. bxc3 Nd5
15. Qd3 Nf6 16. Qh3 Re8 17. Bg5 g6 18. Ba2 Nd5 19. Nxf7 Qc8 20. Bxe7 Rxe7 21.
Nd6 Qxc3 22. Qxc3 Nxc3 23. Rxe6 Rxe6 24. Bxe6+ Kf8 25. Nxb7 Rb8 26. Nc5 bxc5
27. dxc5 Ne2+ 28. Kf1 Nd4 29. Bd5 Ke7 30. Re1+ Kf6 31. g3 Rd8 32. Bb7 Ne6 33.
Rc1 Rd3 34. a4 a5 35. c6 Nc7 36. Rc5 Rd5 37. Rxd5 Nxd5 38. Ke2 Ke5 39. Kd3 Kd6
40. Kc4 Nc7 41. f4 h6 42. g4 Nd5 43. Kb5 Nxf4 44. Kxa5 Nd5 45. c7 Nxc7 46. Kb6
Ne6 47. a5 Nc5 48. Bc6 1-0

[Event "XI Festival A"]
[Site "Verona ITA"]
[Date "2005.01.07"]
[Round "7"]
[White "Padovani, Alessio"]
[Black "Perryman, Marcus"]
[Result "1/2-1/2"]
[WhiteElo "2091"]
[BlackElo "2077"]
[PlyCount "86"]
[EventDate "2005.01.02"]

1. c4 e6 2. g3 Nf6 3. Bg2 d5 4. Nf3 Be7 5. O-O O-O 6. d4 dxc4 7. Qa4 Bd7 8.
Qxc4 Bc6 9. Nc3 Nbd7 10. a3 Nb6 11. Qd3 Qc8 12. b3 Nbd5 13. Bb2 Nxc3 14. Qxc3
Ne4 15. Qc2 Nf6 16. Ne5 Bxg2 17. Kxg2 c5 18. dxc5 Qxc5 19. Qxc5 Bxc5 20. Rac1
Rac8 21. Rc2 Bd6 22. Rfc1 Rxc2 23. Rxc2 Nd5 24. e4 Ne7 25. f4 Rc8 26. Rd2 Rd8
27. Kf3 f6 28. Nc4 Bc7 29. Rxd8+ Bxd8 30. b4 Bc7 31. Bd4 Nc6 32. Be3 a6 33. Ke2
Kf7 34. Kd3 Ke8 35. Nd2 Kd7 36. Nb3 b6 37. Nd2 Nd8 38. Nc4 Kc6 39. a4 Nb7 40.
Kc3 Nd6 41. Nxd6 Bxd6 42. Bd4 b5 43. a5 Be7 1/2-1/2

[Event "XI Festival A"]
[Site "Verona ITA"]
[Date "2005.01.07"]
[Round "7"]
[White "Petraki, Maria"]
[Black "Masullo, Andrea"]
[Result "1-0"]
[WhiteElo "2128"]
[BlackElo "2133"]
[PlyCount "53"]
[EventDate "2005.01.02"]

1. e4 c5 2. Nc3 Nc6 3. Bb5 Nd4 4. Bc4 g6 5. Nge2 Bg7 6. Nxd4 cxd4 7. Qf3 Nh6 8.
Ne2 O-O 9. d3 Qb6 10. O-O Kh8 11. Qg3 Ng8 12. Bb3 f5 13. e5 Qc5 14. Bf4 e6 15.
c3 dxc3 16. bxc3 Ne7 17. d4 Qc7 18. c4 Nc6 19. Rac1 Na5 20. Ba4 b6 21. d5 Ba6
22. Bb5 Bxb5 23. cxb5 Qd8 24. Rfd1 exd5 25. Rxd5 Qe7 26. Rcd1 Rad8 27. Bg5 1-0

[Event "XI Festival A"]
[Site "Verona ITA"]
[Date "2005.01.07"]
[Round "7"]
[White "Popa, Florin"]
[Black "Bruno, Fabio"]
[Result "0-1"]
[WhiteElo "2216"]
[BlackElo "2379"]
[PlyCount "62"]
[EventDate "2005.01.02"]

1. e4 c5 2. c3 Nf6 3. e5 Nd5 4. d4 cxd4 5. Bc4 Nc7 6. cxd4 b5 7. Bb3 Bb7 8. Qg4
h5 9. Qg3 h4 10. Qg4 d6 11. Nf3 h3 12. O-O hxg2 13. Re1 e6 14. Ng5 dxe5 15.
dxe5 Nc6 16. Nxf7 Qh4 17. Qxh4 Rxh4 18. Nd6+ Bxd6 19. exd6 Nd4 20. Bd1 O-O-O
21. Bg5 Rxh2 22. Kxh2 Rh8+ 23. Kg3 Nf5+ 24. Kg4 Rh1 25. Rxh1 gxh1=Q 26. Nc3
Qg2+ 27. Kh5 Bf3+ 28. Bxf3 Qxf3+ 29. Kg6 Nxd6 30. Re1 Nf7 31. Kh7 Qh5+ 0-1